00473nam a2200145Ia 4500008004100000041000800041082001200049100001600061245002100077260003500098300003200133365001100165999001700176952013400193240624s9999 xx 000 0 und d aeng a823 AUS aAUSTEN JANE aNORTHANGER ABBEY c2010aNew DelhibHarperCollins aviii, : 258 : p. : cm. ; 18 cRSb25 c18650d18650 00104070aIMTNbIMTNcRack 39-Ad2012-05-02eIBHg150.00l1o823 AUSp18650r2024-07-22 00:00:00s2024-07-09t1w2024-06-24yBK